Britská ekonomika začína odvracať hrozbu hospodárskeho prepadu HDP vzrástol v prvom štvrťroku o jednu desatinu percenta, zvýšila sa aj nezamestnanosť

Vývoj hospodárskeho poklesu britskej ekonomiky. Ciele vlády a reálna ekonomická situácia. Sektor služieb ako pozitívny zdroj hospodárskeho rastu Veľkej Británie. Ekonomická recesia a disproporcie medzi priemyslom a službami. Vývoj rozpočtového hospodárenia. Problematika zvýšenej nezamestnanosti.

Na minha lista:
Detalhes bibliográficos
Autor principal: Jančík, Ľuboš
Formato: Capítulo de Livro
Idioma:eslovaco
Assuntos:
Tags: Adicionar Tag
Sem tags, seja o primeiro a adicionar uma tag!

MARC

LEADER 00000naa a2200000 4500
001 r034936
005 20230824101256.9
041 0 |a slo 
044 |a SK 
245 1 0 |a Britská ekonomika začína odvracať hrozbu hospodárskeho prepadu  |b HDP vzrástol v prvom štvrťroku o jednu desatinu percenta, zvýšila sa aj nezamestnanosť  |c Ľuboš Jančík 
520 |a Vývoj hospodárskeho poklesu britskej ekonomiky. Ciele vlády a reálna ekonomická situácia. Sektor služieb ako pozitívny zdroj hospodárskeho rastu Veľkej Británie. Ekonomická recesia a disproporcie medzi priemyslom a službami. Vývoj rozpočtového hospodárenia. Problematika zvýšenej nezamestnanosti. 
610 2 0 |a situácia hospodárska 
610 2 0 |a recesia 
610 2 0 |a vývoj hospodársky 
610 2 0 |a Veľká Británia 
610 2 0 |a produkt domáci hrubý 
610 2 0 |a produkcia 
610 2 0 |a priemysel 
610 2 0 |a služby 
610 2 0 |a rozpočet štátny 
610 2 0 |a politika rozpočtová 
610 2 0 |a nezamestnanosť 
100 1 |a Jančík, Ľuboš